000 00626nam a2200145Ia 4500
008 171212s9999 xx 000 0 und d
020 _a9781925022834
100 _aBennett, Brett;Kruger, Fred
245 _cBennett, Brett;Kruger, Fred
_aForestry and Water Conservation in South Africa
_bHistory, Science and Policy
260 _bANU E Press
_c2015
440 _aWorld Forest History Series
650 _aAfforestation -- South Africa; Forests and forestry -- South Africa; Forest policy -- South Africa; Water conservation -- South Africa
650 _aEnvironmental Science
856 _uhttp://jstor.org/stable/j.ctt19893jr
999 _c351120
_d351120